| 000 | 00701aam a2200229 4500 | ||
|---|---|---|---|
| 005 | 20161208135504.0 | ||
| 008 | 150427b xxu||||| |||| 00| 0 spa d | ||
| 041 | _aEspañol | ||
| 082 | _a621.381 S486d | ||
| 100 |
_aSerna Ruiz, Antonio _934769 |
||
| 100 |
_aGarcia Gil, José Vicente _934770 |
||
| 245 | _aDesarrollo y construcción de prototipos electrónicos | ||
| 260 |
_aEspaña _bParaninfo _c1999 |
||
| 300 | _a137 páginas | ||
| 650 |
_aELECTRÓNICA _91815 |
||
| 650 |
_aELECTRICIDAD _91462 |
||
| 650 |
_aPROGRAMA DE DESENO ELECTRÓNICO _934771 |
||
| 650 |
_aCIRCUITO ELECTRONICO _934772 |
||
| 650 |
_aMICROCONTROLADOR _934773 |
||
| 650 |
_aCONSTRUCCIÓN DE PROTOTIPOS _96413 |
||
| 942 | _cBK | ||
| 999 |
_c5046 _d5046 |
||